Loreto College Library, Kolkata
WEBOPAC (ONLINE PUBLIC ACCESS CATALOGUE)

Philips' intermediate historical atlas for schools (Record no. 43581)

MARC details
000 -LEADER
fixed length control field 00486nam a22001697a 4500
005 - DATE AND TIME OF LATEST TRANSACTION
control field 20240108161631.0
008 - FIXED-LENGTH DATA ELEMENTS--GENERAL INFORMATION
fixed length control field 240103b |||||||| |||| 00| 0 eng d
040 ## - CATALOGING SOURCE
Original cataloging agency Loreto college
041 ## - LANGUAGE CODE
Language code English
082 ## - DDC | ডিউই
Classification number | বর্গসংখ্যা 912
Book Number | গ্রন্থাঙ্ক PHI
245 ## - TITLE STATEMENT | অাখ্যা বিবরণী
Title | অাখ্যা Philips' intermediate historical atlas for schools
Statement of responsibility | লেখকের দায়িত্বের বিবরণ Prepared under the direction of the Historical Association
260 ## - IMPRINT | প্রকাশনা ক্ষেত্র
Place of publication | প্রকাশ স্থান London
Name of publisher | প্রকাশকের নাম George Philip & son.
Date of publication | প্রকাশ কাল 1956
300 ## - PHYSICAL DESCRIPTION |
Page / Vol. No | পৃষ্ঠা / খন্ড সংখ্যা 40p.
Other physical details | অনান্য বাহ্যিক বিবরণ 23cm.
650 ## - SUBJECT ADDED ENTRY--TOPICAL TERM | বিষয় শিরোনাম - মূল বিষয়
Topical term | মূল বিষয় Atlas
850 ## - HOLDING INSTITUTION
Holding institution LCLIB
942 ## - ADDED ENTRY ELEMENTS (KOHA)
Koha item type Books
Holdings
Withdrawn status Lost status Source of classification Damaged status Not for loan Home library Current library Date acquired Total Checkouts Full call number Accession No. Date last seen Price effective from Koha item type Coded location qualifier
    Dewey Decimal Classification     Loreto College Loreto College 03/01/2024   912 PHI 47706 03/01/2024 03/01/2024 Books